000 01054nam0a22002891 4500
001 rc\4426613
005 20130416155012.6
021 _aRU
_b[64-75869]
035 _a(NLR Aleph) 008572931
090 _a8536784
_c8536784
100 _a20130416d1964 |||y0rusy50 ca
101 0 _arus
102 _aRU
105 _ay z |||||
200 1 _aСоциальная философия Шарля Фурье и ее место в истории социалистической мысли первой половины XIX века
210 _aМосква
_cНаука
_d1964
215 _a556 с.
_d22
320 _aБиблиогр.: с. 461-532
606 _aСоциалистические учения
_xИстория
_z19 в.
_2psbo
606 _aУтопический социализм
_2psbo
700 1 _aЗильберфарб
_bИ. И.
_gИогансон Исаакович
702 1 _aФурье
_bШ.
_gШарль
_4570
801 0 _aRU
_bNLR
_gpsbo
801 1 _aRU
_bELAR
_2rusmarc
852 _aNLR
_j64-5/4934
942 _cBOOK
980 _aNB